Programa reglamento de la exposición anexa : IX Congreso Internacional de Higiene y Demografía : bajo el patronato de S. M. el Rey Alfonso XIII y de S. M. la Reina regente IX Congreso Internacional de Higiene y Demografía :
Descripción Física:
10 p., 1 f. plegat ; 16 cm
MARC
| LEADER | 00000nam a2200000Ia 4500 | ||
|---|---|---|---|
| 001 | 20663 | ||
| 008 | 160829s1897 xx 000 0 cat d | ||
| 080 | |a 1943, exp. 7 | ||
| 111 | 2 | |a Congreso Internacional de Higiene y Demografía |n (9è : |d 1898 : |c Madrid, Espanya) |9 55742 | |
| 245 | |a Programa reglamento de la exposición anexa : |b IX Congreso Internacional de Higiene y Demografía : |b bajo el patronato de S. M. el Rey Alfonso XIII y de S. M. la Reina regente | ||
| 260 | |a Madrid : |b Imprenta de Emilio Minuesa, |c 1897 | ||
| 300 | |a 10 p., 1 f. plegat ; |c 16 cm | ||
| 650 | |a Congreso Internacional de Higiene y Demografía |x Reglaments i procediment |9 48107 | ||
| 650 | |a Higiene |x Congressos |9 48108 | ||
| 650 | |a Demografia |x Congressos |9 48109 | ||
| 901 | |a Arxiu | ||
| 942 | |n 1 | ||
| 952 | |0 0 |1 0 |4 0 |6 1943_EXP_7 |7 1 |9 54331 |a Arxiu |b Arxiu |d 2016-12-01 |l 0 |o 1943, exp. 7 |p 20663 |r 2016-12-01 00:00:00 |w 2016-12-01 |y ARXIU | ||
| 999 | |c 58200 |d 58200 | ||